01455nas a2200361 4500001001300000003000900013005001700022007000300039008003400042040005400076041000900130072001300139100001700152100001900169100002700188100002500215100002100240100001800261245016200279246019100441650001100632650001200643650001400655650002500669650001900694650001000713650002900723773011100752909004000863942001800903999001900921952015300940BR2012007724BR-BrBNA20231205121318.0ta230509b bl.|||p| |||| 00| 00por d aBR-BrBNAbporcBiblioteca Nacional de Agricultura a(Pt) aF30; H201 aSantos, S.C.1 aCarneiro, L.C.1 aSilveira Neto, A.N. da1 aPaniago Júnior, E.1 aFreitas, H.G. de1 aPeixoto, C.N.1 aCaracterização morfológica e avaliação de cultivares de bananeira resistentes a sigatoka negra (Mycosphaerella fijiensis Morelet)no sudoeste goiano1 aMorphologic characterization and evaluation of banana cultivars resistant to the black sigatoka disease (Mycosphaerella fijiensis Morelet)in the southwest of the state of Goiás, Brazil aBANANA aMUSA SP aVARIEDADE aVARIEDADE RESISTENTE aSIGATOKA NEGRA aFUNGO aMYCOSPHAERELLA FIJIENSIS0 tRevista Brasileira de Fruticultura (Brazil)xISSN 0100-2945g(Dec 2006), v. 28(3) p. 449-453wBR2012007724 a202311bLúciac55dLúcia Elande 2AGRISn0cANA c222880d222880 002AGRIS4071a41918b41918cPeriódicos Agrícolash(Dec 2006), v. 28(3) p. 449-453l0r2023-11-29t01yCRePortaria Interministerial nº 164/94